000 00225nam a2200097Ia 4500
001 644418
005 20250826153604.0
008 250824s9999 xx 000 0 und d
245 0 _aACABA NEDEN?
_cMARTINE LAFFON
260 _bTUDEM
999 _c644418
_d644418